Responses for Show #6304 - Thursday, February 2, 2012

2012 College Championship quarterfinal game 2.

Contestants

[<< previous game]

Connie Shi, a junior at the University of Michigan from Okemos, Michigan

Anne Rozek, a junior at Eastern Illinois University from Perry, Illinois

Jaime Alayon, a sophomore at the George Washington University from Miami, Florida

[next game >>]

Jeopardy! Round responses

YOU'RE HISTORICAL!
NEW FADS
TALES OF THE WINDY CITY
1 WORD, 2 MEANINGS
BELL CURVES
BAND NAME ADJECTIVES
    $200 6
Attila

Anne
    $200 14
Mentos

Anne
    $200 11
The Pit

Connie
    $200 20
(Anne: What is lobby?)

lounge

JaimeAnne
    $200 19
the percussion section

Anne
    $200 1
Good

Jaime
    $400 7
Martin Luther

Connie
    $400 15
(Alex: Poor Vanna. The things that she will do, even for our show.)

planking

Jaime
    $400 12
a sucker

Jaime
    $400 25
pitch

Jaime
    $400 21
Tinker Bell

Connie
    $400 2
Chemical

Jaime
    $1,000 8
(Sir Walter) Raleigh

Connie
    $600 16
motion capture

Jaime
    $600 13
(Anne: What is... a... bluff?)

a skyscraper

Anne
Triple Stumper
    $600 26
a ruler

Anne
    $600 22
peppers

Connie
    $600 3
Fleet

Jaime
    $800 9
(Jaime: Who are the Lombards?)

the Medici

JaimeAnne
    $800 17
jeans

Jaime
    $800 30
(Anne: What is Black Boy?)

Native Son

JaimeAnne
    $800 27
volume

Jaime
    $800 23
AT&T

Connie
    $800 4
Hot

Jaime
    $1000 10
Mary Surratt

Triple Stumper
    $1000 18
...
(Alex: Yep. I bought one of those, too. Haven't used it yet. I've only had it four months.)

the Shake Weight

Jaime
    $1000 29
Mango Street

Jaime
    $1000 28
fuse

Jaime
    $1000 24
The Diving Bell and the Butterfly

Connie
    $1000 5
[Applause for Jaime's run of the category]

Five Finger

Jaime

Scores at the first commercial break (after clue 15):

Jaime Anne Connie
$3,000 $600 $1,600

Scores at the end of the Jeopardy! Round:

Jaime Anne Connie
$9,600 $400 $4,400

Double Jeopardy! Round responses

ENTRANCE EXAM
FRESH, MAN
THE SOPHOMORE JINX
JUNIOR YEAR ABROAD
SENIORITIS
"POST" GRADUATE
    $400 11
the back door

Connie
    $400 26
fish

Jaime
    $400 5
Friday Night Lights

Anne
    $400 1
Sydney

Jaime
    $400 12
fly a kite

Anne
    $400 17
the postseason

Anne
    $2,000 25
(Anne: What is Gothic?)

Tudor

Anne
    $800 27
scratch

Connie
    $800 7
the Oakland Athletics

Jaime
    $800 2
Carnival

Anne
    $800 13
Breaking Dawn

Anne
    $800 18
postpartum

Connie
    $1200 24
(Jaime: What is a submarine?)

a garage

Jaime
Triple Stumper
    $1200 28
(Anne: What is a grape?)

eggs

Anne
Triple Stumper
    $1200 8
(Connie: Who is Angela Ash?)

Alice Sebold

Connie
Triple Stumper
    $1200 3
Morocco

Jaime
    $1200 14
Malibu

Connie
    $1200 19
postmortem

Connie
    $1600 23
Paradise (Heaven accepted)

Anne
    $1600 29
a (chocolate chip) cookie

Connie
    $1600 9
Diablo Cody

Anne
    $1600 4
Lhasa

Connie
    $1600 15
Runescape

Jaime
    $1,600 20
Postmaster General

Connie
    $2000 22
(Connie: What is war?)

peace

JaimeConnie
    $2000 30
guacamole

Connie
    $2000 10
Cold War Kids

Jaime
    $2000 6
Kazakhstan

Anne
    $2000 16
L.L. Bean

Jaime
    $2000 21
Postimpressionism

Anne

Scores at the end of the Double Jeopardy! Round:

Jaime Anne Connie
$18,800 $7,200 $12,400

Final Jeopardy! Round responses

19th CENTURY AUTHORS
(Alex: [To Anne] And he was referring, of course, to Dr. Jekyll and Mr. Hyde, the two fellows in one fellow.)
AnneWho was Robert Louis Stevenson?
$4,300
ConnieWho is R.L. Stevenson?
$6,600
JaimeWho was Kafka?
$6,001
Robert Louis Stevenson

Final scores:

Jaime Anne Connie
$12,799 $11,500 $19,000
2nd place: $5,000 if eliminated 3rd place: $5,000 if eliminated Automatic semifinalist

Game dynamics:

Coryat scores:

Jaime Anne Connie
$18,800 $9,200 $12,000
24 R,
2 W
14 R,
5 W
(including 1 DD)
16 R
(including 2 DDs),
2 W

Combined Coryat: $40,000

[game clues] [game scores] [suggest correction]

Game tape date: 2012-01-05
The J! Archive is created by fans, for fans. Scraping, republication, monetization, and malicious use prohibited; this site may use cookies and collect identifying information. See terms. The Jeopardy! game show and all elements thereof, including but not limited to copyright and trademark thereto, are the property of Jeopardy Productions, Inc. and are protected under law. This website is not affiliated with, sponsored by, or operated by Jeopardy Productions, Inc. Join the discussion at JBoard.tv.